000 01247cad a22002415a 4500
001 L148177
008 090811e20090805xxkd f s 000 0 eng d
035 _a(Sirsi) u148177
041 0 _aeng
050 0 4 _a333.33 $2 18
110 2 _aRoyal Institution of Chartered Surveyors
_bEconomics
_95033
245 0 0 _aUK Housing market
_bcaution still the watchword
_h[electronic resource]
260 _aLondon
_bRICS
_c2009
490 _aRICS UK Housing Market Forecast
_v5 August 2009
520 _aForecasts trends of UK residential housing market for the second half of 2009 and 2010. Predicts that house prices will be slightly higher in the fourth quarter 2009 than in the fourth quarter 2008. Expects a rise in mortgage approvals to about 55 000 per month up to the end of 2009. Reports an acute need for new housebuilding. Fears a new fall in prices in 2010 and the impact of unemployment on house prices.
521 _aAdvanced
590 _aKA
650 2 4 _aRICS UK HOUSING MARKET FORECAST
651 4 _aUnited Kingdom
_y
690 _aPROPERTY-RESIDENTIAL PROPERTY-RESIDENTIAL PROPERTY MARKET
856 4 0 _uhttps://www.rics.org/RICSWEB/getpage.aspx?p=cW_CwVN5oEKaOiGvarWyHg
_zView the item free of charge at www.rics.org...
942 _n0
999 _c109934
_d109934